| 000 | 00462nam a22001577a 4500 | ||
|---|---|---|---|
| 008 | 230622b |||||||| |||| 00| 0 eng d | ||
| 040 |
_aNational Science Library _cNational Science Library |
||
| 080 |
_aR 551.481/.482(03) _bK5 |
||
| 245 | _aRivers and lakes | ||
| 260 |
_aLondon: _bWeidebfeld & Nicolson Ltd., _c1965 |
||
| 300 | _a384p. | ||
| 490 | _aStandard encyclopedia of the world's | ||
| 650 | _vGeography | ||
| 653 | _aRivers | ||
| 942 |
_2udc _cENC |
||
| 999 |
_c46510 _d46510 |
||